000 01427nam a2200373 a 4500
001 ebr10675070
003 CaPaEBR
006 m u
007 cr cn|||||||||
008 080822s2009 nyua sb 001 0 eng d
010 _z 2008037514
020 _z9781604567854 (hardcover)
020 _z1604567856 (hardcover)
020 _z9781617280160 (e-book)
040 _aCaPaEBR
_cCaPaEBR
035 _a(OCoLC)659561787
050 1 4 _aHD3850
_b.G56 2009eb
082 0 4 _a338.9/25
_222
245 0 0 _aGlobal privatization and its impact
_h[electronic resource] /
_cIngrid J. Hagen and Thea S. Halvorsen, editors.
260 _aNew York :
_bNova Science Publishers, Inc.,
_cc2009.
300 _aix, 148 p. :
_bill. (some col.)
504 _aIncludes bibliographical references and index.
533 _aElectronic reproduction.
_bPalo Alto, Calif. :
_cebrary,
_d2013.
_nAvailable via World Wide Web.
_nAccess may be limited to ebrary affiliated libraries.
650 0 _aPrivatization.
650 0 _aEconomic policy.
650 0 _aInternational economic relations.
650 0 _aCompetition.
650 0 _aGlobalization
_xEconomic aspects.
655 7 _aElectronic books.
_2local
700 1 _aHagen, Ingrid J.
700 1 _aHalvorsen, Thea S.
710 2 _aebrary, Inc.
856 4 0 _uhttp://site.ebrary.com/lib/rucke/Doc?id=10675070
_zAn electronic book accessible through the World Wide Web; click to view
999 _c164062
_d164062